| 000 | 00476nam a2200181 a 4500 | ||
|---|---|---|---|
| 005 | 20130821124900.0 | ||
| 008 | 960221s1955 dcuabcdjdbkoqu001 0deng d | ||
| 020 | _a007-047417-6 | ||
| 080 |
_a004.652.4.77 ORA _bALL |
||
| 100 | _aAllen, Christopher | ||
| 245 | _aOracle: OCP building internet applications I & II :exam guide | ||
| 260 |
_aNew Delhi _bTata McGraw-Hill _c2001 |
||
| 300 | _axxviii, 410p. | ||
| 500 | _a | ||
| 653 | _aOracle | ||
| 942 | _cBK | ||
| 003 | ViArRB | ||
| 999 |
_c48167 _d48166 |
||